000 00392nam a2200157Ia 4500
008 200601s9999 xx 000 0 und d
020 _a978-0-19-929856-3
050 _aREF PC 4640
050 _b.O94 2006
245 0 _aOxford beginner's Spanish dictionary /
260 _aOxford :
260 _bOxford University Press.
260 _c2006
300 _a389 pages :
300 _c20 cm.
999 _c363388
_d363388